00622nmc a2200229 a 4500003000900000005001700009008004100026040001300067100002900080245001400109250001200123260003300135300002200168490004500190650002300235650001300258650001200271653003100283653001600314655001500330700004700345AR-BaBNM20251128203617.0266119s1960 ||||||||||||||000 | spa|| cAR-BaBNM1 aPérez Galdós, Benito10aMarianela a4ª ed. aBuenos AiresbKapeluszc19601 axiii, 111 p.bil. 0aGrandes obras de la literatura universal 4aANALISIS LITERARIO 4aREALISMO 4aNOVELAS aENSENANZA DE LA LITERATURA aNATURALISMO aLITERATURA1 aEstrella Gutiérrez, Fermínecompilador